| 000 | 00795cab a2200217 4500 | ||
|---|---|---|---|
| 001 | WB3037-65 | ||
| 008 | 090401t1994 xxu||||| |||| 00| 0 eng d | ||
| 035 | _a(Sirsi) u62092 | ||
| 041 | _aeng | ||
| 245 | _aNew railway to cross London | ||
| 260 | _c1994 | ||
| 350 | _a0 | ||
| 490 |
_aGuardian _v5 October 1994, 4(1) |
||
| 520 | _aA new London railway, a £550m scheme using north-south lines across the capital to be called Thameslink 2000, and refurbishment of the West Coast Main Line are named as the two most important modernisation projects, and Railtrack has been asked by government to bring plans forward. | ||
| 650 | _aRAILWAYS | ||
| 650 | _aTHAMESLINK 2000 | ||
| 650 | _aWEST COAST MAIN LINE | ||
| 690 | _aTRANSPORT AND COMMUNICATIONS | ||
| 942 | _n0 | ||
| 948 | _c04/03/1997 | ||
| 999 |
_c38561 _d38561 |
||